000 00470nam a2200181Ia 4500
001 4544
005 20260306145804.0
008 260306t2007||||xx |||||||||||||| ||spa||
041 _aESP
082 _a324.4
_bD68
100 _aDíaz, Darío
_eAUT
245 0 _aRelación y compromiso con los grupos de interés:
_bguia para las empresas Peruanas
260 _c2007
300 _a81 páginas :
_c28 cm.
650 _aGEN
654 _aCAN
942 _cLIB
_dJUS
_fJUS
_2ddc
_n
999 _c4544
_d4544